[Event "MPJ_D18"]
[Site "?"]
[Date "2016.03.15"]
[Round "4.2"]
[White "Dmochowska, Agnieszka"]
[Black "Wozniak, Mariola"]
[Result "1/2-1/2"]
[BlackElo "2154"]
[WhiteElo "1953"]
[LiveChessVersion "1.4.8"]

1. e4 {[%clk 1:30:57]} c5 {[%clk 1:30:55]} 2. Nf3 {[%clk 1:31:20]} d6
{[%clk 1:31:08]} 3. d4 {[%clk 1:31:18]} cxd4 {[%clk 1:31:31]} 4. Nxd4
{[%clk 1:31:46]} Nf6 {[%clk 1:31:54]} 5. Nc3 {[%clk 1:32:11]} a6 {[%clk 1:32:19]}
6. Bg5 {[%clk 1:32:17]} Nbd7 {[%clk 1:31:55]} 7. Qe2 {[%clk 1:32:01]} h6
{[%clk 1:29:48]} 8. Bh4 {[%clk 1:31:48]} b5 {[%clk 1:16:12]} 9. a3
{[%clk 1:21:08]} Bb7 {[%clk 1:10:48]} 10. O-O-O {[%clk 1:19:06]} Qb6
{[%clk 0:53:24]} 11. f4 {[%clk 0:58:08]} e5 {[%clk 0:47:48]} 12. Nb3
{[%clk 0:52:32]} exf4 {[%clk 0:42:19]} 13. Bxf6 {[%clk 0:49:13]} Nxf6
{[%clk 0:39:07]} 14. e5 {[%clk 0:46:54]} Nd7 {[%clk 0:37:04]} 15. exd6+
{[%clk 0:43:15]} Qe3+ {[%clk 0:37:12]} 16. Qxe3+ {[%clk 0:42:07]} fxe3
{[%clk 0:37:37]} 17. Na5 {[%clk 0:36:56]} O-O-O {[%clk 0:36:46]} 18. Nxb7
{[%clk 0:31:36]} Kxb7 {[%clk 0:37:12]} 19. Be2 {[%clk 0:27:29]} Nf6
{[%clk 0:36:40]} 20. Bf3+ {[%clk 0:21:18]} Kb6 {[%clk 0:36:24]} 21. Rd3
{[%clk 0:16:29]} Bxd6 {[%clk 0:35:28]} 22. Rhd1 {[%clk 0:15:34]} Bc7
{[%clk 0:32:39]} 23. Rxd8 {[%clk 0:15:25]} Rxd8 {[%clk 0:32:15]} 24. Rxd8
{[%clk 0:15:38]} Bxd8 {[%clk 0:32:41]} 25. Nd1 {[%clk 0:15:54]} Ne8
{[%clk 0:31:02]} 26. Nxe3 {[%clk 0:16:00]} Bg5 {[%clk 0:31:28]} 27. Kd2
{[%clk 0:16:21]} Nd6 {[%clk 0:31:03]} 28. Kd3 {[%clk 0:13:53]} Bxe3
{[%clk 0:30:49]} 29. Kxe3 {[%clk 0:14:17]} Nc4+ {[%clk 0:31:14]} 30. Kd4
{[%clk 0:14:13]} Nxb2 {[%clk 0:31:00]} 31. Bd5 {[%clk 0:13:45]} f6
{[%clk 0:30:26]} 32. h4 {[%clk 0:12:42]} Kc7 {[%clk 0:29:28]} 33. h5
{[%clk 0:10:41]} Kd6 {[%clk 0:29:19]} 34. Bg8 {[%clk 0:09:37]} Na4
{[%clk 0:28:19]} 35. c4 {[%clk 0:08:36]} bxc4 {[%clk 0:24:36]} 36. Bxc4
{[%clk 0:09:00]} Nc5 {[%clk 0:24:56]} 37. g4 {[%clk 0:08:00]} a5 {[%clk 0:25:08]}
38. Bb5 {[%clk 0:07:19]} Ne6+ {[%clk 0:24:59]} 39. Ke4 {[%clk 0:07:17]} Ng5+
{[%clk 0:18:04]} 40. Kf5 {[%clk 0:36:35]} Ke7 {[%clk 0:48:09]} 41. Bc6
{[%clk 0:36:09]} Ne6 {[%clk 0:47:24]} 42. Bd5 {[%clk 0:36:02]} Nd4+
{[%clk 0:47:21]} 43. Kg6 {[%clk 0:35:49]} 1/2-1/2

[Event "MPJ_D18"]
[Site "?"]
[Date "2016.03.15"]
[Round "4.3"]
[White "Antolak, Julia"]
[Black "Kopica, Paulina"]
[Result "0-1"]
[BlackElo "1786"]
[WhiteElo "2087"]
[LiveChessVersion "1.4.8"]

1. e4 {[%clk 1:30:58]} e6 {[%clk 1:30:54]} 2. d4 {[%clk 1:31:23]} d5
{[%clk 1:31:19]} 3. Bd3 {[%clk 1:31:49]} c5 {[%clk 1:30:30]} 4. exd5
{[%clk 1:31:53]} exd5 {[%clk 1:30:46]} 5. Nf3 {[%clk 1:32:02]} c4
{[%clk 1:17:36]} 6. Be2 {[%clk 1:31:45]} Nf6 {[%clk 1:17:49]} 7. O-O
{[%clk 1:31:16]} Bd6 {[%clk 1:15:56]} 8. b3 {[%clk 1:30:01]} cxb3
{[%clk 1:10:49]} 9. axb3 {[%clk 1:29:00]} O-O {[%clk 1:11:08]} 10. c4
{[%clk 1:27:59]} Nc6 {[%clk 1:10:21]} 11. Bg5 {[%clk 1:27:07]} Be6
{[%clk 1:05:59]} 12. Nc3 {[%clk 1:22:11]} Be7 {[%clk 1:02:25]} 13. Bf4
{[%clk 1:07:15]} Rc8 {[%clk 0:56:51]} 14. c5 {[%clk 1:05:41]} Ne4
{[%clk 0:49:39]} 15. Nb1 {[%clk 1:03:11]} a5 {[%clk 0:33:45]} 16. h3
{[%clk 0:53:15]} Nb4 {[%clk 0:29:54]} 17. Ne5 {[%clk 0:47:47]} b6
{[%clk 0:27:37]} 18. f3 {[%clk 0:38:12]} Nf6 {[%clk 0:27:14]} 19. c6
{[%clk 0:38:04]} Bd6 {[%clk 0:19:19]} 20. Bb5 {[%clk 0:36:16]} Nh5
{[%clk 0:17:31]} 21. Bd2 {[%clk 0:34:15]} Qh4 {[%clk 0:11:11]} 22. Be1
{[%clk 0:32:26]} Qf4 {[%clk 0:10:59]} 23. Nc3 {[%clk 0:26:33]} Bxe5
{[%clk 0:09:42]} 24. dxe5 {[%clk 0:26:50]} Qxe5 {[%clk 0:09:26]} 25. Na4
{[%clk 0:26:36]} d4 {[%clk 0:04:26]} 26. Bxb4 {[%clk 0:19:45]} axb4
{[%clk 0:04:46]} 27. Qd3 {[%clk 0:20:09]} Nf4 {[%clk 0:03:50]} 28. Qe4
{[%clk 0:20:05]} Nxh3+ {[%clk 0:03:53]} 29. gxh3 {[%clk 0:20:31]} Qxb5
{[%clk 0:04:16]} 30. Rf2 {[%clk 0:19:34]} Rxc6 {[%clk 0:03:24]} 31. Rg2
{[%clk 0:19:33]} Bxh3 {[%clk 0:02:30]} 32. Rg3 {[%clk 0:19:57]} Rg6
{[%clk 0:02:29]} 33. Rxg6 {[%clk 0:20:18]} fxg6 {[%clk 0:02:24]} 34. Kf2
{[%clk 0:20:41]} Qf5 {[%clk 0:01:48]} 35. Qxf5 {[%clk 0:21:04]} Bxf5
{[%clk 0:02:06]} 36. Nxb6 {[%clk 0:21:28]} Be4 {[%clk 0:02:19]} 37. Ra4
{[%clk 0:21:48]} Rxf3+ {[%clk 0:02:39]} 38. Ke2 {[%clk 0:22:14]} Rxb3
{[%clk 0:02:58]} 39. Nc4 {[%clk 0:22:39]} Bd3+ {[%clk 0:03:23]} 0-1

[Event "MPJ_D18"]
[Site "?"]
[Date "2016.03.15"]
[Round "4.4"]
[White "Kubicka, Anna"]
[Black "Dwilewicz, Katarzyna"]
[Result "1-0"]
[BlackElo "1811"]
[WhiteElo "2152"]
[LiveChessVersion "1.4.8"]

1. e4 {[%clk 1:30:36]} c5 {[%clk 1:30:14]} 2. Nf3 {[%clk 1:30:58]} e6
{[%clk 1:30:30]} 3. d4 {[%clk 1:31:24]} cxd4 {[%clk 1:30:53]} 4. Nxd4
{[%clk 1:31:50]} Nf6 {[%clk 1:31:10]} 5. Nc3 {[%clk 1:31:51]} Nc6
{[%clk 1:31:13]} 6. Ndb5 {[%clk 1:32:08]} Bb4 {[%clk 1:31:24]} 7. a3
{[%clk 1:32:16]} Bxc3+ {[%clk 1:31:43]} 8. Nxc3 {[%clk 1:32:41]} d5
{[%clk 1:32:08]} 9. exd5 {[%clk 1:32:58]} exd5 {[%clk 1:32:21]} 10. Bd3
{[%clk 1:33:23]} O-O {[%clk 1:32:34]} 11. O-O {[%clk 1:33:47]} d4
{[%clk 1:32:42]} 12. Ne2 {[%clk 1:34:12]} Bg4 {[%clk 1:32:20]} 13. f3
{[%clk 1:34:36]} Bh5 {[%clk 1:28:43]} 14. b4 {[%clk 1:34:39]} a6 {[%clk 1:23:39]}
15. Bg5 {[%clk 1:32:16]} Qd6 {[%clk 1:17:31]} 16. Ng3 {[%clk 1:25:48]} Bg6
{[%clk 1:15:34]} 17. f4 {[%clk 1:19:16]} Bxd3 {[%clk 1:10:10]} 18. Qxd3
{[%clk 1:16:05]} Nd5 {[%clk 1:04:44]} 19. Ne4 {[%clk 1:07:18]} Qc7
{[%clk 0:58:29]} 20. f5 {[%clk 1:06:06]} f6 {[%clk 0:55:37]} 21. Bd2
{[%clk 0:59:39]} b6 {[%clk 0:43:46]} 22. c3 {[%clk 0:54:58]} Ne5 {[%clk 0:33:18]}
23. Qxd4 {[%clk 0:51:26]} Rad8 {[%clk 0:30:37]} 24. Qf2 {[%clk 0:51:17]} Rfe8
{[%clk 0:28:48]} 25. Qg3 {[%clk 0:49:00]} Kh8 {[%clk 0:28:43]} 26. Rae1
{[%clk 0:36:31]} Nc4 {[%clk 0:27:31]} 27. Qxc7 {[%clk 0:34:22]} Nxc7
{[%clk 0:27:57]} 28. Bf4 {[%clk 0:33:07]} Nd5 {[%clk 0:25:24]} 29. Nd6
{[%clk 0:27:41]} Rxe1 {[%clk 0:17:00]} 30. Rxe1 {[%clk 0:27:05]} Nxd6
{[%clk 0:17:17]} 31. Bxd6 {[%clk 0:27:29]} Kg8 {[%clk 0:17:20]} 32. c4
{[%clk 0:18:02]} Rxd6 {[%clk 0:15:12]} 33. Rd1 {[%clk 0:18:24]} Kf7
{[%clk 0:15:11]} 34. cxd5 {[%clk 0:18:48]} Ke7 {[%clk 0:05:54]} 35. Kf2
{[%clk 0:18:21]} a5 {[%clk 0:04:46]} 36. Ke3 {[%clk 0:17:05]} axb4
{[%clk 0:04:43]} 37. axb4 {[%clk 0:17:31]} Rd8 {[%clk 0:03:25]} 38. Kd4
{[%clk 0:17:43]} Rc8 {[%clk 0:01:48]} 39. Re1+ {[%clk 0:13:46]} Kd7
{[%clk 0:02:05]} 40. Re6 {[%clk 0:40:52]} b5 {[%clk 0:32:01]} 41. d6
{[%clk 0:40:44]} Rc2 {[%clk 0:19:38]} 42. Kd5 {[%clk 0:40:04]} Rxg2
{[%clk 0:19:28]} 43. Re7+ {[%clk 0:40:32]} Kd8 {[%clk 0:19:56]} 44. Kc6
{[%clk 0:40:09]} Rxh2 {[%clk 0:18:20]} 45. Rxg7 {[%clk 0:40:23]} Rc2+
{[%clk 0:18:40]} 46. Kxb5 {[%clk 0:39:20]} h6 {[%clk 0:17:14]} 47. Rh7
{[%clk 0:38:38]} Rd2 {[%clk 0:17:11]} 48. Kc6 {[%clk 0:38:38]} Rc2+
{[%clk 0:17:15]} 49. Kd5 {[%clk 0:39:04]} Rf2 {[%clk 0:16:28]} 50. Ke6
{[%clk 0:39:21]} Kc8 {[%clk 0:15:30]} 51. Kxf6 {[%clk 0:39:09]} Rd2
{[%clk 0:15:30]} 52. Ke6 {[%clk 0:36:42]} Re2+ {[%clk 0:15:49]} 53. Kf7
{[%clk 0:35:14]} Rf2 {[%clk 0:15:43]} 54. f6 {[%clk 0:35:03]} Kd7
{[%clk 0:16:07]} 55. Kg8+ {[%clk 0:35:17]} Ke6 {[%clk 0:15:11]} 56. f7
{[%clk 0:35:39]} Rg2+ {[%clk 0:15:25]} 57. Rg7 1-0

[Event "MPJ_D18"]
[Site "?"]
[Date "2016.03.15"]
[Round "4.5"]
[White "Olechnicka, Karolina"]
[Black "Konopacka, Martyna"]
[Result "1-0"]
[BlackElo "1905"]
[WhiteElo "1776"]
[LiveChessVersion "1.4.8"]

1. e4 {[%clk 1:30:58]} e5 {[%clk 1:30:58]} 2. Nf3 {[%clk 1:31:20]} Nc6
{[%clk 1:31:26]} 3. d4 {[%clk 1:31:46]} exd4 {[%clk 1:31:52]} 4. Bc4
{[%clk 1:32:13]} Bc5 {[%clk 1:32:19]} 5. c3 {[%clk 1:32:39]} Nf6 {[%clk 1:31:46]}
6. e5 {[%clk 1:33:03]} d5 {[%clk 1:31:50]} 7. Bb5 {[%clk 1:33:09]} Ne4
{[%clk 1:30:28]} 8. cxd4 {[%clk 1:33:31]} Bb6 {[%clk 1:30:06]} 9. Nc3
{[%clk 1:33:50]} O-O {[%clk 1:27:35]} 10. Be3 {[%clk 1:29:30]} Bg4
{[%clk 1:17:45]} 11. Qc2 {[%clk 1:27:30]} Nxc3 {[%clk 1:08:57]} 12. bxc3
{[%clk 1:21:09]} f6 {[%clk 1:06:52]} 13. exf6 {[%clk 0:55:51]} Qxf6
{[%clk 1:04:49]} 14. O-O-O {[%clk 0:51:20]} h6 {[%clk 0:47:28]} 15. Rhg1
{[%clk 0:38:24]} Ne7 {[%clk 0:45:17]} 16. Rde1 {[%clk 0:27:20]} Ng6
{[%clk 0:41:55]} 17. Bd3 {[%clk 0:25:51]} Nf4 {[%clk 0:40:14]} 18. Bh7+
{[%clk 0:23:04]} Kh8 {[%clk 0:36:47]} 19. Ne5 {[%clk 0:22:29]} g6
{[%clk 0:15:11]} 20. Nxg4 {[%clk 0:18:33]} Qf7 {[%clk 0:10:26]} 21. g3
{[%clk 0:17:44]} Kxh7 {[%clk 0:07:56]} 22. Bxf4 {[%clk 0:17:54]} c5
{[%clk 0:06:31]} 23. h4 {[%clk 0:14:58]} cxd4 {[%clk 0:04:57]} 24. h5
{[%clk 0:15:20]} dxc3 {[%clk 0:03:52]} 25. hxg6+ {[%clk 0:15:36]} Qxg6
{[%clk 0:04:10]} 26. Re7+ {[%clk 0:15:53]} 1-0

[Event "MPJ_D18"]
[Site "?"]
[Date "2016.03.15"]
[Round "4.6"]
[White "Topolan, Agata"]
[Black "Burakowska, Gabriela"]
[Result "1-0"]
[BlackElo "1765"]
[WhiteElo "1889"]
[LiveChessVersion "1.4.8"]

1. c4 {[%clk 1:30:58]} Nf6 {[%clk 1:30:55]} 2. Nc3 {[%clk 1:31:12]} g6
{[%clk 1:31:19]} 3. g3 {[%clk 1:31:30]} d5 {[%clk 1:30:40]} 4. cxd5
{[%clk 1:30:33]} Nxd5 {[%clk 1:31:02]} 5. Bg2 {[%clk 1:30:23]} Nb6
{[%clk 1:30:35]} 6. d3 {[%clk 1:28:32]} Bg7 {[%clk 1:30:53]} 7. Nf3
{[%clk 1:27:36]} O-O {[%clk 1:30:52]} 8. O-O {[%clk 1:27:54]} Nc6
{[%clk 1:29:57]} 9. a3 {[%clk 1:25:43]} e5 {[%clk 1:27:41]} 10. Ne4
{[%clk 1:24:15]} Nd4 {[%clk 1:26:25]} 11. Nxd4 {[%clk 1:22:08]} exd4
{[%clk 1:25:54]} 12. Bg5 {[%clk 1:20:27]} f6 {[%clk 1:25:13]} 13. Bd2
{[%clk 1:20:30]} Be6 {[%clk 1:24:11]} 14. Nc5 {[%clk 1:18:55]} Bd5
{[%clk 1:24:24]} 15. Nxb7 {[%clk 1:17:14]} Qd7 {[%clk 1:23:54]} 16. Nc5
{[%clk 1:17:12]} Qc6 {[%clk 1:23:16]} 17. Bxd5+ {[%clk 1:16:49]} Nxd5
{[%clk 1:23:21]} 18. Rc1 {[%clk 1:16:30]} Kh8 {[%clk 1:21:00]} 19. Nb3
{[%clk 1:13:11]} Qb6 {[%clk 1:20:27]} 20. Ba5 {[%clk 1:13:05]} Qa6
{[%clk 1:20:18]} 21. Qd2 {[%clk 1:11:50]} f5 {[%clk 1:20:08]} 22. Rc5
{[%clk 1:11:26]} Qe6 {[%clk 1:18:12]} 23. Rc4 {[%clk 1:09:46]} f4
{[%clk 1:16:20]} 24. Nxd4 {[%clk 1:09:02]} Qh3 {[%clk 1:16:18]} 25. Nf3
{[%clk 1:08:56]} fxg3 {[%clk 1:16:29]} 26. hxg3 {[%clk 1:09:06]} Bh6
{[%clk 1:11:55]} 27. Ng5 {[%clk 1:03:23]} Qd7 {[%clk 1:09:27]} 28. Nf7+
{[%clk 1:02:38]} Rxf7 {[%clk 1:09:30]} 29. Qxh6 {[%clk 1:02:59]} Raf8
{[%clk 1:08:42]} 30. e4 {[%clk 1:00:59]} Ne7 {[%clk 1:08:51]} 31. Rxc7
{[%clk 1:00:58]} Qd6 {[%clk 1:08:41]} 32. e5 {[%clk 1:00:39]} Qxd3
{[%clk 1:07:30]} 33. Qg5 {[%clk 0:55:37]} Qe2 {[%clk 1:02:03]} 34. Be1
{[%clk 0:50:42]} Nf5 {[%clk 1:01:33]} 35. Rxf7 {[%clk 0:50:25]} Rxf7
{[%clk 1:02:00]} 36. Bc3 {[%clk 0:50:10]} 1-0

[Event "MPJ_D18"]
[Site "?"]
[Date "2016.03.15"]
[Round "4.7"]
[White "Murawko, Julia"]
[Black "Marczuk, Anna"]
[Result "0-1"]
[BlackElo "2041"]
[WhiteElo "1758"]
[LiveChessVersion "1.4.8"]

1. d4 {[%clk 1:30:58]} c5 {[%clk 1:28:21]} 2. e3 {[%clk 1:27:22]} e6
{[%clk 1:24:53]} 3. Nf3 {[%clk 1:27:07]} Nf6 {[%clk 1:25:00]} 4. c3
{[%clk 1:23:32]} b6 {[%clk 1:21:47]} 5. Bd3 {[%clk 1:23:28]} Bb7 {[%clk 1:21:33]}
6. Nbd2 {[%clk 1:23:14]} d5 {[%clk 1:20:23]} 7. Qe2 {[%clk 1:22:47]} Nc6
{[%clk 1:13:04]} 8. dxc5 {[%clk 1:21:36]} Bxc5 {[%clk 1:12:32]} 9. e4
{[%clk 1:21:08]} dxe4 {[%clk 1:02:27]} 10. Nxe4 {[%clk 1:21:17]} Nxe4
{[%clk 0:58:13]} 11. Bxe4 {[%clk 1:18:58]} Qc7 {[%clk 0:56:29]} 12. O-O
{[%clk 1:15:26]} h6 {[%clk 0:48:28]} 13. Re1 {[%clk 1:06:49]} Rd8
{[%clk 0:37:13]} 14. g3 {[%clk 0:55:16]} Bd6 {[%clk 0:35:19]} 15. b3
{[%clk 0:51:17]} Ne7 {[%clk 0:30:04]} 16. Bb2 {[%clk 0:51:10]} Bxe4
{[%clk 0:29:13]} 17. Qxe4 {[%clk 0:51:33]} Qc6 {[%clk 0:27:27]} 18. Qe2
{[%clk 0:46:27]} O-O {[%clk 0:24:51]} 19. c4 {[%clk 0:45:36]} Nf5
{[%clk 0:22:27]} 20. Ne5 {[%clk 0:40:10]} Qc7 {[%clk 0:21:19]} 21. Qg4
{[%clk 0:30:53]} Bc5 {[%clk 0:18:33]} 22. Nf3 {[%clk 0:28:40]} Qe7
{[%clk 0:08:12]} 23. Re5 {[%clk 0:25:05]} Ba3 {[%clk 0:06:36]} 24. Bxa3
{[%clk 0:18:00]} Qxa3 {[%clk 0:06:54]} 25. Ree1 {[%clk 0:15:59]} Qb2
{[%clk 0:06:23]} 26. Reb1 {[%clk 0:15:13]} Qf6 {[%clk 0:05:07]} 27. Qe4
{[%clk 0:14:08]} Nd4 {[%clk 0:03:22]} 28. Nxd4 {[%clk 0:14:12]} Qxd4
{[%clk 0:03:39]} 29. Qxd4 {[%clk 0:13:47]} Rxd4 {[%clk 0:04:03]} 30. Rb2
{[%clk 0:13:50]} Rfd8 {[%clk 0:04:18]} 31. Re2 {[%clk 0:13:50]} Kf8
{[%clk 0:03:59]} 32. Kf1 {[%clk 0:14:00]} Ke7 {[%clk 0:04:14]} 33. Rc1
{[%clk 0:12:33]} Kd6 {[%clk 0:03:19]} 34. Rcc2 {[%clk 0:12:34]} Kc6
{[%clk 0:03:34]} 35. h4 {[%clk 0:11:13]} a5 {[%clk 0:03:05]} 36. f3
{[%clk 0:10:06]} Rd3 {[%clk 0:02:42]} 37. Kf2 {[%clk 0:10:18]} R8d7
{[%clk 0:02:22]} 38. Re3 {[%clk 0:09:26]} Rd2+ {[%clk 0:01:39]} 39. Rxd2
{[%clk 0:09:35]} Rxd2+ {[%clk 0:02:04]} 40. Re2 {[%clk 0:40:02]} Rd3
{[%clk 0:32:13]} 41. Re3 {[%clk 0:39:52]} Rd2+ {[%clk 0:29:10]} 42. Re2
{[%clk 0:40:08]} Rxe2+ {[%clk 0:10:08]} 43. Kxe2 {[%clk 0:40:34]} Kc5
{[%clk 0:10:30]} 44. Kd3 {[%clk 0:40:39]} Kb4 {[%clk 0:10:04]} 45. Kd4
{[%clk 0:40:29]} Ka3 {[%clk 0:09:58]} 46. c5 {[%clk 0:40:37]} bxc5+
{[%clk 0:10:13]} 47. Kxc5 {[%clk 0:41:00]} Kxa2 {[%clk 0:10:37]} 48. b4
{[%clk 0:41:26]} axb4 {[%clk 0:10:59]} 49. Kxb4 {[%clk 0:41:51]} Kb2
{[%clk 0:11:21]} 50. Kc4 {[%clk 0:42:18]} Kc2 {[%clk 0:11:46]} 51. Kd4
{[%clk 0:42:44]} Kd2 {[%clk 0:11:01]} 52. Ke4 {[%clk 0:42:32]} Ke2
{[%clk 0:09:18]} 53. h5 {[%clk 0:40:00]} Kf2 {[%clk 0:09:15]} 54. Kf4
{[%clk 0:40:10]} e5+ {[%clk 0:09:02]} 55. Kg4 {[%clk 0:38:13]} Ke3 0-1

[Event "MPJ_D18"]
[Site "?"]
[Date "2016.03.15"]
[Round "4.8"]
[White "Dadello, Aleksandra"]
[Black "Posuniak, Weronika"]
[Result "1-0"]
[BlackElo "1731"]
[WhiteElo "2041"]
[LiveChessVersion "1.4.8"]

1. e4 {[%clk 1:28:59]} c6 {[%clk 1:30:55]} 2. Nc3 {[%clk 1:29:05]} d5
{[%clk 1:31:11]} 3. Nf3 {[%clk 1:29:26]} Bg4 {[%clk 1:31:33]} 4. h3
{[%clk 1:29:33]} Bxf3 {[%clk 1:31:58]} 5. Qxf3 {[%clk 1:29:58]} e6
{[%clk 1:32:12]} 6. d4 {[%clk 1:29:35]} dxe4 {[%clk 1:32:34]} 7. Qxe4
{[%clk 1:29:56]} Nf6 {[%clk 1:32:58]} 8. Qd3 {[%clk 1:28:48]} Be7
{[%clk 1:29:35]} 9. Bd2 {[%clk 1:22:51]} O-O {[%clk 1:26:14]} 10. O-O-O
{[%clk 1:20:51]} b5 {[%clk 1:22:06]} 11. g4 {[%clk 1:19:13]} Nbd7
{[%clk 1:14:25]} 12. Bg2 {[%clk 1:16:07]} Rc8 {[%clk 1:07:32]} 13. g5
{[%clk 1:12:34]} Nd5 {[%clk 1:06:25]} 14. h4 {[%clk 1:04:55]} b4 {[%clk 0:53:51]}
15. Ne4 {[%clk 1:02:52]} c5 {[%clk 0:51:02]} 16. dxc5 {[%clk 1:00:05]} Nxc5
{[%clk 0:46:53]} 17. Nxc5 {[%clk 1:00:22]} Rxc5 {[%clk 0:46:28]} 18. Be4
{[%clk 0:59:01]} Qa5 {[%clk 0:35:00]} 19. Bxd5 {[%clk 0:52:29]} Rxd5
{[%clk 0:34:18]} 20. Qb3 {[%clk 0:51:37]} Qc7 {[%clk 0:32:02]} 21. Be3
{[%clk 0:44:59]} Rfd8 {[%clk 0:25:34]} 22. Rxd5 {[%clk 0:43:00]} Rxd5
{[%clk 0:25:57]} 23. Qa4 {[%clk 0:40:33]} Rd7 {[%clk 0:24:36]} 24. Rd1
{[%clk 0:40:14]} Rxd1+ {[%clk 0:24:51]} 25. Kxd1 {[%clk 0:40:40]} Qd8+
{[%clk 0:25:12]} 26. Kc1 {[%clk 0:40:35]} a5 {[%clk 0:21:24]} 27. Qb5
{[%clk 0:32:07]} Bd6 {[%clk 0:19:05]} 28. h5 {[%clk 0:25:49]} f6 {[%clk 0:17:08]}
29. g6 {[%clk 0:22:41]} h6 {[%clk 0:12:00]} 30. Qb7 {[%clk 0:22:07]} Bc7
{[%clk 0:11:44]} 31. Qc6 {[%clk 0:21:11]} Bd6 {[%clk 0:10:16]} 32. Qc4
{[%clk 0:18:05]} Qd7 {[%clk 0:10:12]} 33. Qe4 {[%clk 0:17:50]} Bc7
{[%clk 0:06:17]} 34. Qa8+ {[%clk 0:11:01]} Qd8 {[%clk 0:06:15]} 35. Qc6
{[%clk 0:10:49]} Bd6 {[%clk 0:06:04]} 36. c4 {[%clk 0:08:19]} bxc3
{[%clk 0:06:05]} 37. bxc3 {[%clk 0:08:23]} Kf8 {[%clk 0:06:16]} 38. Kc2
{[%clk 0:05:29]} Ke7 {[%clk 0:05:51]} 39. Bb6 {[%clk 0:05:23]} Qb8
{[%clk 0:06:05]} 40. Bxa5 {[%clk 0:34:56]} Qa7 {[%clk 0:36:05]} 41. Bd8+
{[%clk 0:33:00]} Kxd8 {[%clk 0:35:49]} 42. Qxd6+ {[%clk 0:33:25]} Ke8
{[%clk 0:35:28]} 43. Qxe6+ {[%clk 0:33:21]} Kf8 {[%clk 0:35:52]} 44. Qf7+
{[%clk 0:27:26]} Qxf7 {[%clk 0:36:14]} 45. gxf7 {[%clk 0:27:52]} Kxf7
{[%clk 0:32:53]} 46. a4 1-0

[Event "MPJ_D18"]
[Site "?"]
[Date "2016.03.15"]
[Round "4.9"]
[White "Kotula, Magdalena"]
[Black "Fraczek, Weronika"]
[Result "1/2-1/2"]
[BlackElo "1825"]
[WhiteElo "1502"]
[LiveChessVersion "1.4.8"]

1. e4 {[%clk 1:30:58]} e6 {[%clk 1:30:36]} 2. d4 {[%clk 1:31:16]} d5
{[%clk 1:30:59]} 3. exd5 {[%clk 1:31:41]} exd5 {[%clk 1:31:24]} 4. Bd3
{[%clk 1:32:06]} c5 {[%clk 1:31:25]} 5. c3 {[%clk 1:31:55]} Nf6 {[%clk 1:30:04]}
6. h3 {[%clk 1:31:48]} b6 {[%clk 1:25:00]} 7. Qf3 {[%clk 1:30:44]} Be7
{[%clk 1:23:16]} 8. Ne2 {[%clk 1:30:08]} O-O {[%clk 1:22:52]} 9. O-O
{[%clk 1:30:05]} Nc6 {[%clk 1:21:29]} 10. Bf4 {[%clk 1:20:32]} Re8
{[%clk 1:19:03]} 11. Nd2 {[%clk 1:10:50]} Bf8 {[%clk 1:12:58]} 12. Rfe1
{[%clk 1:08:10]} Be6 {[%clk 1:10:35]} 13. Bg5 {[%clk 1:05:21]} Be7
{[%clk 1:09:29]} 14. dxc5 {[%clk 1:03:56]} Ne5 {[%clk 1:08:28]} 15. Qe3
{[%clk 0:59:49]} Nxd3 {[%clk 1:08:09]} 16. Qxd3 {[%clk 1:00:16]} bxc5
{[%clk 1:07:42]} 17. Nf4 {[%clk 0:57:45]} Bd6 {[%clk 1:02:03]} 18. Bxf6
{[%clk 0:51:38]} Qxf6 {[%clk 0:55:13]} 19. Nxd5 {[%clk 0:43:59]} Qg5
{[%clk 0:54:30]} 20. Ne4 {[%clk 0:41:12]} Qg6 {[%clk 0:51:00]} 21. Nef6+
{[%clk 0:37:38]} gxf6 {[%clk 0:51:17]} 22. Qxg6+ {[%clk 0:38:02]} fxg6
{[%clk 0:51:34]} 23. Nxf6+ {[%clk 0:38:25]} Kf7 {[%clk 0:51:59]} 24. Nxe8
{[%clk 0:38:46]} Rxe8 {[%clk 0:52:22]} 25. Rad1 {[%clk 0:37:27]} Bc7
{[%clk 0:51:23]} 26. b4 {[%clk 0:32:45]} cxb4 {[%clk 0:50:06]} 27. cxb4
{[%clk 0:32:56]} Rb8 {[%clk 0:48:43]} 28. a3 {[%clk 0:32:27]} Rb6
{[%clk 0:45:10]} 29. Rd3 {[%clk 0:30:18]} Kf6 {[%clk 0:42:10]} 30. Rf3+
{[%clk 0:29:27]} Kg5 {[%clk 0:40:22]} 31. Rfe3 {[%clk 0:27:25]} Kf6
{[%clk 0:38:45]} 32. Rf3+ {[%clk 0:27:05]} Kg5 {[%clk 0:38:50]} 33. Rfe3
{[%clk 0:27:29]} Kf6 {[%clk 0:38:39]} 34. Rf3+ {[%clk 0:27:54]} Kg5
{[%clk 0:38:43]} 35. Rfe3 Kf6 36. Rf3+ Kg5 37. Rfe3 1/2-1/2

[Event "MPJ_D18"]
[Site "?"]
[Date "2016.03.15"]
[Round "4.10"]
[White "Ostrowska, Joanna"]
[Black "Bebel, Agnieszka"]
[Result "0-1"]
[BlackElo "1706"]
[WhiteElo "1682"]
[LiveChessVersion "1.4.8"]

1. d4 {[%clk 1:30:58]} d5 {[%clk 1:30:51]} 2. c4 {[%clk 1:31:23]} e6
{[%clk 1:30:59]} 3. Nc3 {[%clk 1:31:40]} Nf6 {[%clk 1:31:11]} 4. a3
{[%clk 1:31:35]} b6 {[%clk 1:28:41]} 5. Bf4 {[%clk 1:31:08]} a6 {[%clk 1:26:03]}
6. Nf3 {[%clk 1:27:27]} Nbd7 {[%clk 1:24:14]} 7. cxd5 {[%clk 1:20:41]} exd5
{[%clk 1:24:12]} 8. Rc1 {[%clk 1:18:32]} Bb7 {[%clk 1:22:44]} 9. Qb3
{[%clk 1:12:31]} Rc8 {[%clk 1:18:50]} 10. e4 {[%clk 1:10:17]} Qe7
{[%clk 1:06:25]} 11. e5 {[%clk 1:05:30]} c5 {[%clk 0:58:37]} 12. Be3
{[%clk 1:01:24]} Ng4 {[%clk 0:48:57]} 13. Nxd5 {[%clk 0:53:58]} Bxd5
{[%clk 0:48:26]} 14. Qxd5 {[%clk 0:54:15]} Nxe3 {[%clk 0:47:41]} 15. fxe3
{[%clk 0:54:27]} a5 {[%clk 0:41:26]} 16. Bb5 {[%clk 0:54:23]} g6 {[%clk 0:40:07]}
17. O-O {[%clk 0:54:13]} Bh6 {[%clk 0:39:42]} 18. Rce1 {[%clk 0:49:34]} Rd8
{[%clk 0:37:20]} 19. Qb7 {[%clk 0:37:52]} O-O {[%clk 0:35:26]} 20. dxc5
{[%clk 0:33:10]} Bxe3+ {[%clk 0:31:26]} 21. Kh1 {[%clk 0:24:28]} Bxc5
{[%clk 0:31:42]} 22. Bc4 {[%clk 0:23:55]} Nb8 {[%clk 0:29:40]} 23. Qe4
{[%clk 0:23:34]} Kg7 {[%clk 0:27:50]} 24. Qg4 {[%clk 0:20:12]} Nc6
{[%clk 0:27:00]} 25. Nh4 {[%clk 0:17:13]} Kh8 {[%clk 0:25:40]} 26. Qh3
{[%clk 0:16:50]} Rd4 {[%clk 0:23:38]} 27. Rxf7 {[%clk 0:14:40]} Qxh4
{[%clk 0:23:23]} 28. Qxh4 {[%clk 0:06:12]} Rxh4 {[%clk 0:23:43]} 29. Rxf8+
{[%clk 0:06:10]} Bxf8 {[%clk 0:23:57]} 30. Bb5 {[%clk 0:05:18]} Nd4
{[%clk 0:23:23]} 31. g3 {[%clk 0:05:08]} Rxh2+ {[%clk 0:22:53]} 0-1